Responses for Show #5112 - Tuesday, November 28, 2006

Contestants

[<< previous game]

Ehren Schwiebert, a computer consultant from Phoenix, Arizona

Suzanne Ennis, a homemaker from Gorham, Maine

Ryan Friedman, a GIS planner from Londonderry, New Hampshire (whose 1-day cash winnings total $11,599)

[next game >>]

Jeopardy! Round responses

BEN FRANKLIN
IN MEMORIAM 2006
CROSSWORD CLUES "B"
GILT COMPLEX
GONE FISHIN'
THEY TOOK DEBATE
    $200 16
(Suzanne: What is Paris?)

Philadelphia

RyanSuzanne
    $200 26
Buck Owens

Triple Stumper
    $200 21
bug

Ryan
    $200 6
Catherine

Suzanne
    $200 1
a piranha

Ryan
    $200 11
the League of Women Voters

Suzanne
    $400 17
vegetarian

Ehren
    $400 27
Al Lewis

Suzanne
    $400 22
brew

Suzanne
    $400 7
(Suzanne: What is Oslo?)

Stockholm (Sweden)

SuzanneEhren
    $400 2
a bass

Ehren
    $400 12
Illinois

Ryan
    $600 18
lead

Ehren
    $600 28
Wilson Pickett

Ryan
    $600 23
bovine

Ryan
    $600 8
the Dome of the Rock

Ryan
    $600 3
a mackerel

Ehren
    $600 13
NAFTA

Ehren
    $800 19
electricity

Suzanne
    $800 29
(Suzanne: Who is Janssen?)

Darren McGavin

Suzanne
Triple Stumper
    $800 24
butter

Suzanne
    $800 9
(Suzanne: What is the Golden Church?)
...
(Alex: What is [*], in Venice.)

St. Mark's

Suzanne
Triple Stumper
    $800 4
a barracuda

Ryan
    $800 14
60 Minutes

Suzanne
    $1,000 20
(Suzanne: What is the medical profession?)
...
(Alex: What is the [*] profession? When you make a mistake, you put in "errata"--"I made a mistake here.")

printing

Suzanne
    $1000 30
Curt Gowdy

Ryan
    $1000 25
Bridges

Ryan
    $1000 10
the Golden Temple

Triple Stumper
    $1000 5
a puffer fish

Ryan
    $1000 15
Quayle & Bentsen

Ryan

Scores at the first commercial break (after clue 15):

Ryan Suzanne Ehren
$4,000 $0 $2,000

Scores at the end of the Jeopardy! Round:

Ryan Suzanne Ehren
$7,600 $400 $3,000

Double Jeopardy! Round responses

LITERARY EUROPE
LEGENDS OF SPORT
WORLD HERSTORY
MATH
THE POLITICS OF BEFORE & AFTER
RHYME SPR"EE"
    $400 1
(James) Joyce

Ryan
    $400 2
(Arthur) Ashe

Ryan
    $400 10
Molly Pitcher

Ehren
    $400 7
(Ehren: What is a proof?)
(Ryan: What is an equation?)

a theorem

RyanSuzanneEhren
    $400 12
walk the line item veto

Ryan
    $400 18
tree

Ryan
    $800 17
Copenhagen

Ryan
    $800 3
Pop

Ehren
    $800 11
Joan of Arc

Ryan
    $800 8
calculus

Suzanne
    $800 13
a Buffalo Bill of Rights

Ryan
    $800 19
glee

Ehren
    $2,000 29
(Alex: Ryan, you are in a position to set a one-day record on Jeopardy! There's still Final to come.)
...
(Ryan: What is Florence?)
(Alex: Oh no, those are the famous Spanish Steps in [*].)

Rome

Ryan
    $1200 4
Johnny Weissmuller

Ehren
    $1200 26
(Corazon) Aquino

Ryan
    $1200 9
secant

Ryan
    $1200 14
(Ryan: What is [*] campaign?)
(Alex: We'll accept the "campaign" part, too.)

Leaves of Grassroots

Ryan
    $1200 20
lee

Ehren
    $1600 28
Count Leo Tolstoy

Triple Stumper
    $1600 5
(Wilma) Rudolph

Ryan
    $1600 25
(Catherine) Parr

Ryan
    $1600 23
a numerical coefficient

Triple Stumper
    $1600 15
a pork barrel of monkeys

Ehren
    $1600 21
(Ehren: [*]?)
(Alex: Say it again.)
(Ehren: What is [*]?)

thee

Ehren
    $2000 30
(Suzanne: What is An American in Paris?)

The Sun Also Rises

Suzanne
Triple Stumper
    $2000 6
(Maury) Wills

Ryan
    $500 27
(Alex: You are running away with this game. You are in a position to set a one-day record, by the way. You have $22,000. There's still Final Jeopardy! to come.)
(Ryan: [Admonishingly] Oh, Alex.)
[Alex and audience laugh]

(Valentina) Tereshkova

Ryan
    $2000 24
hyperbolic

Triple Stumper
    $2000 16
Spin Doctor Zhivago

Suzanne
    $2000 22
Cree

Ryan

Scores at the end of the Double Jeopardy! Round:

Ryan Suzanne Ehren
$20,500 $1,600 $10,200
(lock game)

[wagering suggestions for these scores]

Final Jeopardy! Round responses

ASIA
SuzanneWhat is Kazakstan?
$0
EhrenWhat is Mongolia?
$6,999
RyanWhat is Mongolia?
$0
(1 of) Kazakhstan & Mongolia

Final scores:

Ryan Suzanne Ehren
$20,500 $1,600 $17,199
2-day champion: $32,099 3rd place: $1,000 2nd place: $2,000

Game dynamics:

Coryat scores:

Ryan Suzanne Ehren
$24,000 $2,600 $10,200
27 R
(including 1 DD),
2 W
(including 1 DD)
10 R,
6 W
(including 1 DD)
13 R,
1 W

Combined Coryat: $36,800

[game clues] [game scores] [suggest correction]

Game tape date: 2006-09-20
The J! Archive is created by fans, for fans. Scraping, republication, monetization, and malicious use prohibited; this site may use cookies and collect identifying information. See terms. The Jeopardy! game show and all elements thereof, including but not limited to copyright and trademark thereto, are the property of Jeopardy Productions, Inc. and are protected under law. This website is not affiliated with, sponsored by, or operated by Jeopardy Productions, Inc. Join the discussion at JBoard.tv.